000
00290cam a2200133ua 4500
041
_a
mal
_h
082
_a
894.812308
_b
MUR/GA
100
_a
Muraski, .
245
_a
Ganjiyude kadha /
_c
Muraski.
_h
Textual Documents
300
_a
290 ; .
504
_a
942
_c
BK
999
_c
4986
_d
4986